Entrañas del mundo perdido / (Registro nro. 17840)

Detalles MARC
000 -CABECERA
Campo de control 01103cam a2200301 a 4500
005 - FECHA Y HORA DE LA ULTIMA TRANSACCION
Campo de control 20160902020003.0
008 - ELEMENTOS DE LONGITUD FIJA—INFORMACION GENERAL
Campo de control 111211s2011 ve ab b 000 0 spa d
020 ## - ISBN
ISBN 9789801247630
020 ## - ISBN
ISBN 9801247630
040 ## - FUENTE DE CATALOGACIÓN
Agencia catalogadora original VXG
Agencia transcriptora VXG
Agencia Modificadora DLC
-- CO-BoIAVH
041 0# - IDIOMA
Código de idioma para texto/pista de sonido o título separado Español
044 ## - PAÍS DE PUBLICACIÓN
País de publicación Venezuela
082 04 - NUMERO DE CLASIFICACION DECIMAL DEWEY
Número de clasificación 577.5
Número del ítem B84e
100 1# - ASIENTO PRINCIPAL--NOMBRE PERSONAL
Nombre personal Brewer-Carías, Charles.
9 (RLIN) 40609
245 10 - MENCION DE TITULO
Título Entrañas del mundo perdido /
Mención de responsabilidad Charles Brewer-Carías, Marek Audy.
260 ## - PUBLICACION, DISTRIBUCION, ETC. (PIE DE IMPRENTA)
Lugar de publicación, distribución, etc. Caracas, Venezuela :
Nombre del editor, distribuidor, etc. C. Brewer-Carías,
Fecha de publicación, distribución, etc. 2011
Place of manufacture ([Venezuela] :
Manufacturer Impreso por Carlos Capriles de Altolitho C.A.)
300 ## - DESCRIPCION FISICA
Extensión 291 páginas :
Otros detalles físicos ilustraciones y mapas a color ;
Dimensiones 31 cm.
500 ## - NOTA GENERAL
Nota general .
504 ## - NOTA DE BIBLIOGRAFIA, ETC.
Nota de bibliografía Incluye referencias bibliográficas (páginas 282-290).
650 #0 - ASIENTO SECUNDARIO DE MATERIA - TERMINO TEMATICO
Término temático o nombre geográfico como elemento de entrada Cuevas
Subdivisión geográfica Venezuela.
9 (RLIN) 40617
650 #0 - ASIENTO SECUNDARIO DE MATERIA - TERMINO TEMATICO
Término temático o nombre geográfico como elemento de entrada Cuevas
Subdivisión geográfica Montañas de Guyana.
9 (RLIN) 40618
650 #0 - ASIENTO SECUNDARIO DE MATERIA - TERMINO TEMATICO
Término temático o nombre geográfico como elemento de entrada Cuevas de animales
Subdivisión geográfica Venezuela.
9 (RLIN) 40619
650 #0 - ASIENTO SECUNDARIO DE MATERIA - TERMINO TEMATICO
Término temático o nombre geográfico como elemento de entrada Cuevas de plantas
Subdivisión geográfica Venezuela.
9 (RLIN) 40620
650 #0 - ASIENTO SECUNDARIO DE MATERIA - TERMINO TEMATICO
Término temático o nombre geográfico como elemento de entrada Biodiversidad
Subdivisión geográfica Venezuela.
9 (RLIN) 40621
650 #0 - ASIENTO SECUNDARIO DE MATERIA - TERMINO TEMATICO
Término temático o nombre geográfico como elemento de entrada Biodiversidad
Subdivisión geográfica Montañas de Guyana
9 (RLIN) 40622
700 1# - ASIENTO SECUNDARIO - NOMBRE PERSONAL
Nombre personal Audy, Marek,
Fechas asociadas con el nombre 1969-
9 (RLIN) 40623
942 ## - ELEMENTOS ADICIONALES (KOHA)
Sistema de clasificación Dewey Decimal Classification
Tipo de ítem Libro
Koha issues (borrowed), all copies 1
Existencias
Withdrawn status Lost status Sistema de Clasificación Damaged status No para préstamo Colección Inventariado Ubicación Permanente Ubicación actual Fecha de adquisición Fuente de Valor Valor Total Checkouts Total Renewals Número topográfico Inventario / Código de Barras Date last seen Date checked out Ejemplar Price effective from Forma de adquisición Tipo de material
    Dewey Decimal Classification     General Inventariado 2017 Bogotá Bogotá 07/10/2015 Instituto 39000.00 1 2 LB-577.5 B84e 035239 09/11/2016 01/09/2016 Ej. 1 07/10/2015   Libro